000 00509nam a2200169 i 4500
001 69885
003 ES-MaACL
005 20250907063047.0
007 t|
008 040713s1961 sp ||||1| spa d
100 1 _aGarcía López, José,
_d1916-
_954843
245 1 0 _aResumen de historia de las literaturas hispánicas /
_cJosé García López.
260 _aBarcelona :
_bTeide,
_c[1961]
300 _a291 p. :
_bil. ;
_c23 cm.
852 _aES-MaACL
_jC-21925
_bR.50150
999 _c69885
_d69885